000 04074nam a22003977a 4500
001 BRCA_8536
002 U-103
003 FranzMayer
005 20260507134635.0
006 a||||fr|||| 001 0
007 ta
008 250923s1647 enka|||frf||| 001 0 eng d
040 _aBMFM
_bspa
041 0 _aeng
050 4 _aQB26
_b.L55 1647
100 1 _aWilliam, Lilly,
_d(1602-1681)
_930051
245 1 0 _aChristian astrology modestly treated of in three books /
_cWilliam Lilly
246 1 3 _aAstrología cristiana modestamente tratada en tres libros
260 _aLondres, Inglaterra :
_bTho. Brudenell,
_c1647
300 _a832 páginas :
_bIlustraciones y gráficos ;
_c19.2 x 15 x 6 cm
520 3 _aPrimera edición de uno de los tratados de astrología más influyentes en el idioma inglés. Ha sido considerado uno de los más relevantes en el estudio de la astrología durante la Edad Media.
_bSe divide en tres partes. La primera introduce los conceptos básicos de astrología (los planetas, los signos zodiacales y las casas astrológicas). La segunda está dedicada a la interpretación de las cartas astrales. Finalmente, en la última parte se abordan las aplicaciones prácticas de la astrología, incluyendo su uso para predecir eventos futuros.
563 _aOtras referencias físicas: Media encuadernación con puntas en piel y tela. El papel del cuerpo del libro es de pulpa de trapo, hecho a mano, con marcas de verjurado y marcas de agua. El cuerpo del libro está formado por cuadernillos unidos mediante costura alternada sobre tres soportes de costura sencillos y ocultos, de cordel. Lomera redondeada con endoses de papel en los cuatro paneles. Cabezadas industriales adheridas (posteriores). Soportes de las tapas de cartón. Decoraciones con dorado en tapas y lomo. Texto impreso. Anotaciones en tinta ferrogálica
591 _aEstado de Conservación: Bueno
591 _bDescripción de conservación: Libro con intervenciones: hojas de guarda intervenidas, reencuadernado con restos de la encuadernación anterior en el lomo, hojas reforzadas y cabezadas repuestas. Presenta manchas y suciedad leve, especialmente en las primeras y últimas páginas
592 _aMarcas Adicionales: Resto del título e información en portada: <<The first containing the use of an ephemeris, the erecting of a scheam of heaven; nature of the twelve sings of the zodiack, of the planets; with a most easie introduction to the whole art of astrology. The second, by a most methodicall way, Instructeth the student how to judge or resolve all manner of questions contingent unto man, viz, of health, sicknesse, riches, marriage, preferment, journies &c. severall questions inserted and judged. The third, containes an exact method, where by to judge upon nativities; severall wayes how to rectisie them; how to judge the generall fate of the native by the twelve houses of haven, according to the naturall influence of the stars; how his particular and annuall accidents, by the art of direction, and its exact measure of time by profections, revolutions, tranfies. A nativity judged by the method preceding>>. Exlibris de Franz Mayer. Notas manuscritas en la página anterior a la portada, incluyendo las iniciales: J. S. G. Notas manuscritas en los márgenes de las páginas: 31, 47-48, 53-55, 68-69, 71-72, 88, 93, 99, 110, 130, 143-142, 177, 196, 218, 305, 330, 375, 443, 482, 485, 493-494, 503, 520, 531, 537, 563, 755, 633, 637, 663, 816, 852. Últimas páginas con notas manuscritas y gráficos. Incluye catálogo de autores de astrología y tabla alfabética de erratas
593 _aTratados, compendios y manuales
650 1 0 _aAstrology
_yEarly works to 1800
_930052
650 1 0 _aOccultism
_927787
650 1 0 _aHoroscope
_930053
700 1 _aPartridge, John
_eeditor
_930054
700 1 _aBlunden, Humph
_eeditor
_930055
856 4 1 _qTIF//PDF
_uhttps://bibliotecadigital.franzmayer.org.mx/items/e5ec5c08-a550-4f9d-abb4-cdfa4594de0b
_yBiblioteca Digital Franz Mayer
902 _aKH
_aTV
_aFM
942 _2lcc
_cB
960 _aCS-L2-N1
999 _c11091
_d11091